1184 1203 1668 1838 1437 1077 1596 1292 1878 1770 1029 1525 1655 1279 1819 1093 1521 1117 1848 1505 1972 1595 1237 1611 1984 1873 1220 1542 1827 1211 1455 1648 1601 1163 1721 1733 1250 1259 1213 1603 1251 1210 1873 1347 1574 1345 1863 1003 1759 1912 1836 1170 1972 1574 1300 1382 1652 1022 1345 1224 1928 1948 1563 1254 1119 1800 1810 1041 1400 1967 1792 1252 1942 1969 1644 1205 1763 1361 1104 1646 1782 1178 1416 1373 1835 1516 1688 1069 1042 1916 1230 1257 1274 1318 1235 1603 1409 1608 1000 BCNSPRNW ULIB Ver.6.0+V

เปลี่ยนเป็นภาษาไทย

Change to English
 แสดงรายละเอียดบรรณานุกรม
  กลับหน้าหลัก

Brief Record : Get Marc (ISO 2709) : E-mail record : QR code < ปิดหน้าต่าง
LEADER : 00000nam 2200000uu 4500
001    13399123371
003     ULIB
008    140828s2546||||th 000 0 tha d
099    วจ WY105^bบ152ค
100 0  บรรจง พลไชย, สุรเชษฐ์ สมตัว และ สุพรรณี พูลผล
245 00 ความพึงพอใจของผู้ใช้บัณฑิตหลักสูตรพยาบาลศาสตรบัณฑิตและหลักสูตรพยาบาลศาสตร์บัณฑิต(ต่อเนื่อง) ที่สำเร็จกาีศึกษา ปีการศึกษา 2544 วิทยาลัยพยาบาลบรมราชชนนี นครพนม
260    นครพนม :^bวิทยาลัยพยาบาลบรมราชชนนี นครพนม,^c2544
300    79 หน้า
650  0 ความพึงพอใจผู้ใช้บัณฑิต
945    ^p0^l0^i015693
999    ^aเกษร โพธิ์สุวรรณ
รายการนี้ยังไม่มีแท็ก
คุณยังไม่ได้ล็อกอิน คุณสามารถมีกิจกรรมร่วมกับเว็บไซต์ได้ แต่ต้องล็อกอินก่อน ::
  ล็อกอิน

รายการสื่อสารสนเทศ

ลำดับที่ ประเภท เลขเรียก/บาร์โค้ด สถานที่ สถานะ
1. งานวิจัย
งานวิจัย
วจ WY105 บ152ค ฉ.1 
  Barcode: 015693
ห้องสมุดวิทยาเขตสวรรค์ประชารักษ์
►วิจัย
บนชั้น

BibComment


ยังไม่เคยถูกคอมเมนท์

คอมเมนท์ทรัพยากรรายการนี้
  คอมเมนท์: ความพึงพอใจของผู้..


 Copyright 2026. Bcnsprnw @Library